| 000 | 00974cam a2200301 a 4500 | ||
|---|---|---|---|
| 001 | 17581 | ||
| 003 | BD-JhCC | ||
| 005 | 20230323125847.0 | ||
| 008 | 120717s2013 nyuaf b 001 0aeng | ||
| 010 | _a 2012027306 | ||
| 020 | _a9781591844754 (hbk.) | ||
| 040 |
_aDLC _cDLC _dDLC _dBD-JhCC |
||
| 042 | _apcc | ||
| 043 |
_an-us--- _aa-af--- |
||
| 050 | 0 | 0 |
_aE897.4.M38 _bA3 2013 |
| 082 | 0 | 0 |
_a355.0092 _aB _223 _bMCM 2013 |
| 100 | 1 | _aMcChrystal, Stanley A. | |
| 245 | 1 | 0 |
_aMy share of the task : _ba memoir / _cStanley McChrystal. |
| 260 |
_aNew York : _bPortfolio/Penguin, _c2013. |
||
| 300 |
_axi, 456 p., [16] p. of plates : _bill. ; _c24 cm |
||
| 504 | _aIncludes bibliographical references (p. 399-439) and index. | ||
| 600 | 1 | 0 | _aMcChrystal, Stanley A. |
| 600 | 1 | 0 |
_aMcChrystal, Stanley A. _xMilitary leadership. |
| 610 | 1 | 0 |
_aUnited States. _bArmy _vBiography. |
| 650 | 0 |
_aGenerals _zUnited States _vBiography. |
|
| 650 | 0 | _aAfghan War, 2001- | |
| 942 |
_2ddc _cBK |
||
| 999 |
_c12679 _d12679 |
||